000 00287nam a22001337a 4500
008 170403b xxu||||| |||| 00| 0 eng d
020 _a9780813344119
041 _aeng
080 _a574
100 _a9
101 _aSHM
245 _aGREEN PLANET BLUES
_cCONCA, K
942 _2udc
_cBK
999 _c9495
_d9495